[Event "AUT-chT 2324"]
[Site "Austria"]
[Date "2024.03.24"]
[Round "11.1"]
[White "Michalik, Peter"]
[Black "Baldauf, Marco"]
[Result "1/2-1/2"]
[WhiteElo "2574"]
[BlackElo "2483"]
[PlyCount "76"]
[EventDate "2023.11.22"]
[EventType "team-tourn"]
[EventRounds "11"]
[EventCountry "AUT"]
[SourceTitle "CB13_2024"]
[SourceDate "2024.03.27"]
[SourceVersion "1"]
[SourceVersionDate "2024.03.27"]
[SourceQuality "1"]
[WhiteTeam "Mayrhofen/Zell/Zillertal"]
[BlackTeam "Schach ohne Grenzen"]
[WhiteTeamCountry "AUT"]
[BlackTeamCountry "AUT"]

1. e4 c6 2. d4 d5 3. exd5 cxd5 4. Bd3 Nf6 5. c3 Bg4 6. Qb3 Qc7 7. Ne2 Bxe2 8. Bxe2 e6 9. Bg5 Bd6 10. Nd2 Nc6 11. g3 0-0-0 12. a4 Kb8 13. a5 h6 14. Be3 h5 15. Nf3 Nxa5 16. Qa4 b6 17. 0-0 Ne4 18. Rfc1 Nc4 19. Bxc4 dxc4 20. b3 h4 21. bxc4 hxg3 22. hxg3 Bxg3 23. d5 Rh3 24. Bxb6 Bxf2+ 25. Bxf2 Nxf2 26. Rcb1+ Ka8 27. Ne5 Rh1+ 28. Kg2 Rh2+ 29. Kg1 Nh3+ 30. Kxh2 Qxe5+ 31. Kh1 Qe4+ 32. Kh2 Qf4+ 33. Kh1 Qf3+ 34. Kh2 Qe2+ 35. Kh1 Qe4+ 36. Kh2 Qe2+ 37. Kh1 Nf2+ 38. Kg1 Nh3+ 1/2-1/2

[Event "AUT-chT 2324"]
[Site "Austria"]
[Date "2024.03.23"]
[Round "10.1"]
[White "Georgiadis, Nico"]
[Black "Michalik, Peter"]
[Result "0-1"]
[WhiteElo "2537"]
[BlackElo "2574"]
[PlyCount "88"]
[EventDate "2023.11.22"]
[EventType "team-tourn"]
[EventRounds "11"]
[EventCountry "AUT"]
[SourceTitle "CB13_2024"]
[SourceDate "2024.03.27"]
[SourceVersion "1"]
[SourceVersionDate "2024.03.27"]
[SourceQuality "1"]
[WhiteTeam "Goetzis"]
[BlackTeam "Mayrhofen/Zell/Zillertal"]
[WhiteTeamCountry "AUT"]
[BlackTeamCountry "AUT"]

1. e4 c5 2. Nf3 Nc6 3. Nc3 g6 4. d4 cxd4 5. Nxd4 Bg7 6. Be3 Nf6 7. Bc4 0-0 8. Bb3 d6 9. f3 Qa5 10. Qd2 Nxd4 11. Bxd4 Be6 12. 0-0-0 b5 13. Kb1 b4 14. Nd5 Bxd5 15. exd5 Qb5 16. Rhe1 a5 17. Qe2 Qxe2 18. Rxe2 a4 19. Bc4 Rfc8 20. b3 Rc7 21. g4 Rb7 22. h3 Ne8 23. f4 Kf8 24. Bxg7+ Kxg7 25. bxa4 Rxa4 26. Bb3 Ra8 27. Rd4 Kf8 28. Ree4 Rab8 29. Ba4 Nc7 30. Kb2 Na6 31. Bc6 Rb6 32. Re3 Nc5 33. f5 Rc8 34. h4 Rc7 35. Rf3 Ra7 36. Rdf4 gxf5 37. Rxf5 e5 38. Rh5 Rba6 39. Rxh7 Rxa2+ 40. Kc1 Kg8 41. Rh5 Ra1+ 42. Kd2 Ne4+ 43. Ke2 R7a2 44. Re3 Ng3+ 0-1

[Event "AUT-chT 2324"]
[Site "Austria"]
[Date "2024.03.22"]
[Round "9.1"]
[White "Michalik, Peter"]
[Black "Janzelj, Tim"]
[Result "1-0"]
[WhiteElo "2574"]
[BlackElo "2403"]
[PlyCount "51"]
[EventDate "2023.11.22"]
[EventType "team-tourn"]
[EventRounds "11"]
[EventCountry "AUT"]
[SourceTitle "CB13_2024"]
[SourceDate "2024.03.27"]
[SourceVersion "1"]
[SourceVersionDate "2024.03.27"]
[SourceQuality "1"]
[WhiteTeam "Mayrhofen/Zell/Zillertal"]
[BlackTeam "Raika Feffernitz"]
[WhiteTeamCountry "AUT"]
[BlackTeamCountry "AUT"]

1. e4 c5 2. Nf3 e6 3. d4 cxd4 4. Nxd4 a6 5. Bd3 Bc5 6. Nb3 Ba7 7. Qe2 Ne7 8. Be3 0-0 9. N1d2 Nbc6 10. c3 d5 11. Bxa7 Rxa7 12. e5 Ng6 13. Bxg6 fxg6 14. 0-0 b6 15. Nf3 a5 16. Qe3 Ba6 17. Rfe1 Raf7 18. Ng5 d4 19. Qg3 Rxf2 20. Nxe6 Qd5 21. Nxf8 Rxb2 22. c4 Bxc4 23. e6 Qd8 24. e7 Nxe7 25. Ne6 Qa8 26. Nbxd4 1-0

[Event "Bundesliga 2324"]
[Site "Germany"]
[Date "2024.02.24"]
[Round "10.7"]
[White "Mendonca, Leon Luke"]
[Black "Michalik, Peter"]
[Result "1/2-1/2"]
[WhiteElo "2622"]
[BlackElo "2576"]
[PlyCount "62"]
[EventDate "2023.10.21"]
[EventType "team-tourn"]
[EventRounds "15"]
[EventCountry "GER"]
[SourceTitle "CB09_2024"]
[SourceDate "2024.02.28"]
[SourceVersion "1"]
[SourceVersionDate "2024.02.28"]
[SourceQuality "1"]
[WhiteTeam "Hamburger SK"]
[BlackTeam "Dresden TU"]
[WhiteTeamCountry "GER"]
[BlackTeamCountry "GER"]

1. d4 d5 2. c4 c6 3. Nf3 Nf6 4. e3 Bf5 5. Nc3 e6 6. Nh4 Bg6 7. Be2 Nbd7 8. 0-0 Be7 9. Nxg6 hxg6 10. Bd2 0-0 11. Qb3 Rb8 12. Rfd1 Bd6 13. Rac1 Qe7 14. Be1 a6 15. a3 Rfd8 16. g3 dxc4 17. Qxc4 e5 18. dxe5 Bxe5 19. a4 Bd6 20. a5 Bb4 21. Na4 Bxe1 22. Rxe1 Ne5 23. Qc5 Qe6 24. Red1 Ne4 25. Qb4 Qf5 26. f4 Ng4 27. Bxg4 Qxg4 28. Rxd8+ Rxd8 29. Qxe4 Rd1+ 30. Rxd1 Qxd1+ 31. Kg2 Qe2+ 1/2-1/2

[Event "AUT-chT 2324"]
[Site "Austria"]
[Date "2023.11.24"]
[Round "3.1"]
[White "Kadric, Denis"]
[Black "Michalik, Peter"]
[Result "1/2-1/2"]
[WhiteElo "2584"]
[BlackElo "2574"]
[PlyCount "83"]
[EventDate "2023.11.22"]
[EventType "team-tourn"]
[EventRounds "11"]
[EventCountry "AUT"]
[SourceTitle "CB48_2023"]
[SourceDate "2023.11.29"]
[SourceVersion "1"]
[SourceVersionDate "2023.11.29"]
[SourceQuality "1"]
[WhiteTeam "Pinggau Friedberg"]
[BlackTeam "Mayrhofen/Zell/Zillertal"]
[WhiteTeamCountry "AUT"]
[BlackTeamCountry "AUT"]

1. e4 c5 2. Nc3 Nc6 3. Nf3 Nf6 4. Bb5 Qc7 5. 0-0 Nd4 6. Re1 a6 7. Bf1 d6 8. Nxd4 cxd4 9. Ne2 e5 10. c3 dxc3 11. Nxc3 Be7 12. d4 0-0 13. Be3 Be6 14. Rc1 Qa5 15. Qd2 Kh8 16. b4 Qd8 17. f3 b5 18. d5 Bd7 19. a4 bxa4 20. Ra1 Qe8 21. Qc2 Bd8 22. Nxa4 Rb8 23. Nc3 Rxb4 24. Rxa6 Bc7 25. Rb1 Rxb1 26. Qxb1 Qe7 27. Ra7 Rb8 28. Rb7 Qd8 29. Rxb8 Qxb8 30. Qxb8+ Bxb8 31. Bb6 Kg8 32. Bb5 Kf8 33. Bc6 Ke8 34. Na2 Ng8 35. Nb4 Ne7 36. Bb7 Bc8 37. Ba8 Bd7 38. Bb7 Bc8 39. Ba8 Bd7 40. Na6 Nc8 41. Nxb8 Nxb6 42. Bc6 1/2-1/2

[Event "AUT-chT 2324"]
[Site "Austria"]
[Date "2023.11.23"]
[Round "2.1"]
[White "Michalik, Peter"]
[Black "Pechac, Jergus"]
[Result "1/2-1/2"]
[WhiteElo "2574"]
[BlackElo "2580"]
[PlyCount "60"]
[EventDate "2023.11.22"]
[EventType "team-tourn"]
[EventRounds "11"]
[EventCountry "AUT"]
[SourceTitle "CB48_2023"]
[SourceDate "2023.11.29"]
[SourceVersion "1"]
[SourceVersionDate "2023.11.29"]
[SourceQuality "1"]
[WhiteTeam "Mayrhofen/Zell/Zillertal"]
[BlackTeam "Mistelbach"]
[WhiteTeamCountry "AUT"]
[BlackTeamCountry "AUT"]

1. e4 Nc6 2. Nf3 e5 3. Bb5 a6 4. Ba4 Be7 5. 0-0 Nf6 6. d3 b5 7. Bb3 d6 8. a3 0-0 9. Nc3 h6 10. Nd5 Nxd5 11. Bxd5 Bd7 12. d4 Rb8 13. dxe5 Nxe5 14. Nxe5 dxe5 15. Be3 c6 16. Bb3 Qc8 17. Qh5 Bf6 18. Qf3 c5 19. Bd5 Be6 20. Bxe6 Qxe6 21. Rfd1 c4 22. Bd2 Be7 23. Ba5 b4 24. h3 c3 25. b3 bxa3 26. Rd5 Rb5 27. Qd3 f5 28. Rxb5 axb5 29. Qxb5 fxe4 30. Bxc3 Rc8 1/2-1/2

[Event "Pardubice rapid op 34th"]
[Site "Pardubice"]
[Date "2023.07.20"]
[Round "9"]
[White "Iniyan, Panneerseluam"]
[Black "Michalik, Peter"]
[Result "1-0"]
[WhiteElo "2525"]
[BlackElo "2582"]
[PlyCount "77"]
[EventDate "2023.07.19"]
[EventType "swiss (rapid)"]
[EventRounds "9"]
[EventCountry "CZE"]
[SourceTitle "CBM 215 Extra"]
[Source "ChessBase"]
[SourceDate "2023.09.30"]
[SourceVersion "1"]
[SourceVersionDate "2023.09.30"]
[SourceQuality "1"]

1. d4 Nf6 2. c4 e6 3. Nc3 Bb4 4. Nf3 d5 5. cxd5 exd5 6. Bg5 h6 7. Bh4 0-0 8. e3 Bf5 9. Qb3 Bxc3+ 10. Qxc3 Nbd7 11. Nd2 c6 12. Bg3 Re8 13. Be2 Ne4 14. Nxe4 Bxe4 15. 0-0 Nf6 16. b4 a6 17. a4 Bf5 18. f3 Rc8 19. Rae1 Re6 20. Bd1 Ne8 21. Bb3 Re7 22. e4 Be6 23. Bc2 Nd6 24. Bh4 g5 25. Bg3 Qd7 26. Bxd6 Qxd6 27. e5 Qd8 28. Qd3 Kf8 29. Qh7 Ke8 30. Qxh6 Qb6 31. Rd1 Qxb4 32. Qxg5 c5 33. f4 Qc3 34. Bb1 Qe3+ 35. Kh1 cxd4 36. Rfe1 Rec7 37. Rxe3 dxe3 38. f5 Rc1 39. Qh5 1-0

[Event "Pardubice rapid op 34th"]
[Site "Pardubice"]
[Date "2023.07.20"]
[Round "7"]
[White "Michalik, Peter"]
[Black "Pulpan, Jakub"]
[Result "1-0"]
[WhiteElo "2582"]
[BlackElo "2406"]
[PlyCount "62"]
[EventDate "2023.07.19"]
[EventType "swiss (rapid)"]
[EventRounds "9"]
[EventCountry "CZE"]
[SourceTitle "CBM 215 Extra"]
[Source "ChessBase"]
[SourceDate "2023.09.30"]
[SourceVersion "1"]
[SourceVersionDate "2023.09.30"]
[SourceQuality "1"]

1. d4 Nf6 2. c4 e6 3. Nf3 d5 4. g3 Be7 5. Bg2 0-0 6. Nc3 b6 7. cxd5 exd5 8. 0-0 Bb7 9. Rb1 a5 10. Bf4 Nbd7 11. Rc1 Nh5 12. Be3 Nhf6 13. Ne5 Bd6 14. Bf4 Qe7 15. Nxd7 Qxd7 16. Bxd6 Qxd6 17. Nb5 Qd7 18. a4 Rac8 19. Qb3 Ne4 20. Rc2 Nd6 21. Nxd6 Qxd6 22. Rfc1 f5 23. e3 Rf6 24. h4 g6 25. Rc3 Kg7 26. Qa3 Qd7 27. b4 axb4 28. Qxb4 Ba6 29. a5 bxa5 30. Qxa5 Bc4 31. Bf1 f4 1-0

[Event "Pardubice rapid op 34th"]
[Site "Pardubice"]
[Date "2023.07.20"]
[Round "4"]
[White "Yankelevich, Lev"]
[Black "Michalik, Peter"]
[Result "1/2-1/2"]
[WhiteElo "2442"]
[BlackElo "2582"]
[PlyCount "72"]
[EventDate "2023.07.19"]
[EventType "swiss (rapid)"]
[EventRounds "9"]
[EventCountry "CZE"]
[SourceTitle "CBM 215 Extra"]
[Source "ChessBase"]
[SourceDate "2023.09.30"]
[SourceVersion "1"]
[SourceVersionDate "2023.09.30"]
[SourceQuality "1"]

1. d4 Nf6 2. c4 e6 3. g3 Bb4+ 4. Bd2 Bxd2+ 5. Qxd2 0-0 6. Bg2 d6 7. Nf3 Nbd7 8. Nc3 e5 9. 0-0 c6 10. Rfd1 e4 11. Ng5 d5 12. cxd5 cxd5 13. Nh3 Nb8 14. f3 exf3 15. exf3 Bxh3 16. Bxh3 Nc6 17. Bf1 Rc8 18. Rac1 Re8 19. Bb5 Qa5 20. Re1 Rxe1+ 21. Rxe1 h6 22. Bxc6 Rxc6 23. Re7 Qb4 24. Re3 Rc4 25. Rd3 a6 26. Kg2 b5 27. Ne2 Qxd2 28. Rxd2 Kf8 29. Kf2 Ke7 30. Ke3 Ne8 31. Kd3 Nc7 32. b3 Rc6 33. a3 Ne6 34. Rc2 Rxc2 35. Kxc2 Ng5 36. Ng1 Ne6 1/2-1/2

[Event "Titled Tuesday intern op 20th Jun Late"]
[Site "Chess.com INT"]
[Date "2023.06.20"]
[Round "1"]
[White "Michalik, Peter"]
[Black "Novikov, Evgenij"]
[Result "1/2-1/2"]
[WhiteElo "2582"]
[BlackElo "2276"]
[PlyCount "275"]
[EventDate "2023.06.20"]
[EventType "swiss (blitz)"]
[EventRounds "11"]
[EventCountry "USA"]
[SourceTitle "EXT 2024"]
[Source "ChessBase"]
[SourceDate "2023.10.10"]
[SourceVersion "1"]
[SourceVersionDate "2023.10.10"]
[SourceQuality "1"]

1. d4 d5 2. c4 e6 3. Nf3 Nf6 4. Nc3 Nbd7 5. cxd5 exd5 6. Bf4 c6 7. e3 g6 8. h3 Bg7 9. Be2 0-0 10. 0-0 Re8 11. b4 a6 12. a4 Nf8 13. b5 axb5 14. axb5 Rxa1 15. Qxa1 Ne6 16. Be5 Bd7 17. bxc6 bxc6 18. Qa7 Qa8 19. Ra1 Qxa7 20. Rxa7 Rd8 21. Na4 Be8 22. Nb6 Nd7 23. Nxd7 Rxd7 24. Ra8 Rd8 25. Ra7 Rd7 26. Ra5 Rd8 27. Bg3 Bf8 28. Ne5 f6 29. Nd3 Bd6 30. Bg4 f5 31. Bxd6 fxg4 32. Bg3 gxh3 33. gxh3 Ng5 34. Kg2 Ne4 35. Ra7 Rd7 36. Ra8 Re7 37. Be5 Kf7 38. f3 Nf6 39. Kf2 Nd7 40. h4 Nxe5 41. Nxe5+ Kf6 42. Rc8 Re6 43. Rc7 Re7 44. Rc8 Re6 45. Kg3 h6 46. Ng4+ Kg7 47. Rc7+ Bf7 48. Ne5 Rf6 49. Nxc6 Kg8 50. Ne5 Be6 51. Rc6 Kg7 52. Rb6 Bf5 53. Rb7+ Kg8 54. Rb8+ Rf8 55. Rb5 Rd8 56. Rb6 Kg7 57. Kf4 Bc2 58. Rb7+ Kf6 59. Rf7+ Ke6 60. Rh7 g5+ 61. hxg5 hxg5+ 62. Kxg5 Bxh7 63. Ng4 Rf8 64. Ne5 Bf5 65. Kf4 Be4+ 66. Kg3 Bc2 67. Ng4 Rg8 68. Kf4 Rf8+ 69. Kg3 Bd1 70. Ne5 Rg8+ 71. Kf4 Kf6 72. Nd7+ Ke7 73. Ne5 Rf8+ 74. Kg3 Ke6 75. Kf2 Bb3 76. Nd3 Bc4 77. Ne5 Kf5 78. Nd7 Ra8 79. Ne5 Ra2+ 80. Kg3 Be2 81. Nc6 Bd1 82. Ne7+ Ke6 83. Ng6 Rd2 84. Nf4+ Kd6 85. Ng6 Rd3 86. Kf4 Ra3 87. Ne5 Bc2 88. Nf7+ Ke6 89. Ne5 Ra1 90. Kg3 Rg1+ 91. Kf2 Rg7 92. Nc6 Kf5 93. Nb4 Bb1 94. Nxd5 Rd7 95. Nc3 Bd3 96. Ke1 Kg5 97. Kd2 Bf5 98. Ke2 Bg6 99. Kf2 Kh4 100. Ne2 Rf7 101. Nc3 Bh5 102. f4 Rg7 103. Ne4 Kh3 104. Ng5+ Kg4 105. Ne6 Rb7 106. Ke2 Rb3 107. Nc5 Kf5+ 108. Kd2 Rb2+ 109. Kd3 Re2 110. Nb7 Rf2 111. Nd6+ Ke6 112. Ne4 Rf1 113. Ng3 Rd1+ 114. Ke4 Bg4 115. f5+ Kf6 116. Kf4 Bh3 117. Ne4+ Ke7 118. Ke5 Rf1 119. f6+ Kf8 120. Ng5 Bg4 121. e4 Re1 122. d5 Rf1 123. Nh7+ Kf7 124. Ng5+ Kg6 125. Ne6 Rxf6 126. Nd4 Rf1 127. Kd6 Re1 128. e5 Bf5 129. Nc6 Bg4 130. Ne7+ Kf7 131. Nc6 Bh3 132. Nd4 Kg6 133. Nf3 Re3 134. Nd4 Kg5 135. Nc6 Kf4 136. e6 Bxe6 137. dxe6 Rxe6+ 138. Kxe6 1/2-1/2

[Event "Aimchess Play In op"]
[Site "Chess.com INT"]
[Date "2023.06.12"]
[Round "7"]
[White "Hakobyan, Aram"]
[Black "Michalik, Peter"]
[Result "1-0"]
[WhiteElo "2613"]
[BlackElo "2582"]
[PlyCount "79"]
[EventDate "2023.06.12"]
[EventType "swiss (rapid)"]
[EventRounds "9"]
[EventCountry "USA"]
[SourceTitle "CBM 214 Extra"]
[Source "ChessBase"]
[SourceDate "2023.07.31"]
[SourceVersion "1"]
[SourceVersionDate "2023.07.31"]
[SourceQuality "1"]

1. d4 Nf6 2. c4 e6 3. Nc3 Bb4 4. e3 0-0 5. a3 Bxc3+ 6. bxc3 d5 7. cxd5 exd5 8. Bd3 b6 9. Ne2 Ba6 10. 0-0 Re8 11. Ng3 c5 12. f3 Bxd3 13. Qxd3 Nc6 14. Bb2 Na5 15. Rae1 Nc4 16. Bc1 cxd4 17. cxd4 Rc8 18. e4 dxe4 19. fxe4 Ne5 20. Qd2 Nc4 21. Qf2 Qd7 22. e5 Nd5 23. Nf5 Rc6 24. Qf3 Rg6 25. h4 h5 26. Qxh5 Ne7 27. e6 Rxe6 28. Nh6+ Rxh6 29. Qxf7+ Kh7 30. Bxh6 Kxh6 31. Qxc4 Ng6 32. Rxe8 Qxe8 33. Qc1+ Kh7 34. Qg5 Qe4 35. d5 Qd4+ 36. Kh1 Ne5 37. Qh5+ Kg8 38. Re1 Nd7 39. Re8+ Nf8 40. Qg5 1-0

[Event "Bundesliga 2223"]
[Site "Germany"]
[Date "2023.04.29"]
[Round "14.5"]
[White "Michalik, Peter"]
[Black "Beerdsen, Thomas"]
[Result "1-0"]
[WhiteElo "2558"]
[BlackElo "2521"]
[PlyCount "107"]
[EventDate "2022.10.21"]
[EventType "team-tourn"]
[EventRounds "15"]
[EventCountry "GER"]
[SourceTitle "CBM 213 Extra"]
[Source "ChessBase"]
[SourceDate "2023.05.31"]
[SourceVersion "1"]
[SourceVersionDate "2023.05.31"]
[SourceQuality "1"]
[WhiteTeam "Dresden TU"]
[BlackTeam "Muelheim Nord"]
[WhiteTeamCountry "GER"]
[BlackTeamCountry "GER"]

1. e4 c5 2. Nf3 e6 3. d4 cxd4 4. Nxd4 Nc6 5. Nc3 Qc7 6. Be3 a6 7. a3 Rb8 8. Qf3 b5 9. Qg3 d6 10. Nxc6 Qxc6 11. Bd3 Nf6 12. 0-0 b4 13. axb4 Rxb4 14. Ra2 Be7 15. f3 0-0 16. Rfa1 d5 17. exd5 exd5 18. Ne2 Bd6 19. Qf2 Qc7 20. g3 Re8 21. c3 Rb8 22. Bf4 Nd7 23. Bxd6 Qxd6 24. Nd4 Ne5 25. Bxa6 Bxa6 26. Rxa6 Qc5 27. R6a5 Qc4 28. Qc2 g6 29. b3 Nxf3+ 30. Nxf3 Rxb3 31. Rc1 Re2 32. Qd1 Rbb2 33. Ra8+ Kg7 34. Ra4 Qc5+ 35. Qd4+ Qxd4+ 36. Rxd4 Rg2+ 37. Kh1 Rgf2 38. Rd3 Kf6 39. Rcd1 Kf5 40. R3d2 Kg4 41. Rxf2 Rxf2 42. Ng1 f5 43. Rd4+ f4 44. gxf4 Rc2 45. Rxd5 Kxf4 46. Nh3+ Kg4 47. Rd3 h6 48. Kg1 g5 49. Nf2+ Kf4 50. Rh3 h5 51. Rxh5 Rxc3 52. Kg2 Rc2 53. Rh8 g4 54. Rg8 1-0

[Event "Chessable Masters Div 3 Lose"]
[Site "Chess.com INT"]
[Date "2023.04.04"]
[Round "2.2"]
[White "Michalik, Peter"]
[Black "Fier, Alexandr"]
[Result "1/2-1/2"]
[WhiteElo "2576"]
[BlackElo "2599"]
[PlyCount "93"]
[EventDate "2023.04.04"]
[EventType "k.o. (rapid)"]
[EventRounds "8"]
[EventCountry "USA"]
[SourceTitle "CBM 213 Extra"]
[Source "ChessBase"]
[SourceDate "2023.05.31"]
[SourceVersion "1"]
[SourceVersionDate "2023.05.31"]
[SourceQuality "1"]

1. d4 d5 2. c4 e6 3. Nf3 c6 4. Qc2 dxc4 5. Qxc4 Nf6 6. g3 b5 7. Qc2 Bb7 8. Bg2 Nbd7 9. a4 c5 10. dxc5 Nxc5 11. 0-0 Nxa4 12. b3 Nb6 13. Rd1 Qc8 14. Qxc8+ Nxc8 15. Nc3 a6 16. Ne5 Bxg2 17. Kxg2 Nb6 18. Be3 Nfd5 19. Bxb6 Nxb6 20. Ne4 Nd5 21. Rdc1 Bb4 22. Rxa6 0-0 23. Rca1 Rac8 24. Ra7 Rc2 25. R1a2 Rxa2 26. Rxa2 Nc3 27. Nxc3 Bxc3 28. Nc6 g6 29. Rc2 b4 30. Ra2 Kg7 31. Ra6 g5 32. h3 h5 33. g4 hxg4 34. hxg4 f5 35. gxf5 exf5 36. Rb6 Re8 37. e3 Re4 38. Nd8 Bf6 39. Ne6+ Kf7 40. Nc5 Rg4+ 41. Kf3 Rh4 42. Rb7+ Kg6 43. Nd7 Bc3 44. Nb6 Rh1 45. Nd5 Rb1 46. Rb6+ Kf7 47. Nxb4 1/2-1/2

[Event "Chessable Masters Play In"]
[Site "Chess.com INT"]
[Date "2023.03.13"]
[Round "5"]
[White "Nguyen, Ngoc Truong Son"]
[Black "Michalik, Peter"]
[Result "1/2-1/2"]
[WhiteElo "2645"]
[BlackElo "2577"]
[PlyCount "64"]
[EventDate "2023.03.13"]
[EventType "swiss (rapid)"]
[EventRounds "9"]
[EventCountry "USA"]
[SourceTitle "CBM 213 Extra"]
[Source "ChessBase"]
[SourceDate "2023.05.31"]
[SourceVersion "1"]
[SourceVersionDate "2023.05.31"]
[SourceQuality "1"]

1. d4 Nf6 2. c4 e6 3. Nc3 Bb4 4. e3 0-0 5. Bd2 d5 6. Nf3 c5 7. a3 Bxc3 8. Bxc3 Ne4 9. Rc1 Nxc3 10. Rxc3 cxd4 11. Nxd4 dxc4 12. Bxc4 Bd7 13. 0-0 Nc6 14. Nf3 Qe7 15. Qc2 Rfd8 16. h3 Rac8 17. Rc1 Be8 18. Bd3 h6 19. Bh7+ Kh8 20. Be4 Qf6 21. Qb3 Rc7 22. Qc4 Rdc8 23. Qc5 Kg8 24. Qd6 Rd7 25. Qg3 Rdd8 26. Kh2 Bd7 27. b4 a6 28. Qd6 Be8 29. Qf4 Qe7 30. Ne5 Na7 31. Rxc8 Nxc8 32. Nc4 Bb5 1/2-1/2